Statistics for Five Random Countries by Continent

Click here to take the quiz!

General Stats

  • This quiz has been taken 924 times
  • The average score is 15 of 30

Answer Stats

ContinentCountry% Correct
North AmericaUnited States
84%
South AmericaBrazil
78%
OceaniaAustralia
77%
South AmericaEcuador
70%
South AmericaUruguay
70%
South AmericaBolivia
69%
South AmericaGuyana
67%
OceaniaPalau
62%
OceaniaSamoa
61%
OceaniaSolomon Islands
60%
OceaniaVanuatu
60%
AfricaEgypt
53%
North AmericaSt. Kitts & Nevis
53%
North AmericaBarbados
51%
North AmericaNicaragua
51%
EuropeUkraine
49%
North AmericaTrinidad & Tobago
48%
EuropeAustria
45%
AsiaIran
45%
EuropeAndorra
44%
AfricaSouth Africa
44%
AsiaIraq
40%
EuropeMonaco
40%
EuropeLiechtenstein
35%
AsiaVietnam
33%
AsiaThailand
31%
AfricaBenin
26%
AsiaAzerbaijan
22%
AfricaMadagascar
22%
AfricaCote d'Ivoire
14%

Score Distribution

Percentile by Number Answered

Percent of People with Each Score

Your Score History

You have not taken this quiz